000 00609nam a2200229Ia 4500
003 OSt
005 20220928135235.0
006 a|||||r|||| 00| 0
007 ta
008 220927b |||||||| |||| 00| 0 eng d
024 _a864
037 _cTextual
040 _aSDCL
_cSDCL
_beng
041 _2eng
_aeng
082 _aX:1:(B), M0
100 _aSkane Donna
_9489518
245 0 _aMathematics for consumers ; With business applications
260 _c1980
700 _a Skane Lawrence
_9489519
942 _hX:1:(B), M0
_cTEXL
_2CC
999 _c804806
_d804806